000
00298nam a22001337a 4500
008
180829b xxu||||| |||| 00| 0 eng d
020
_a
9780075618775
041
_a
eng
080
_2
5 ED
_a
33
100
_a
59
101
_a
BUS
245
_a
UNDERSTANDING BUSINESS
_c
NICKELS,M
942
_2
udc
_c
BK
999
_c
47410
_d
47410